=LDR 00000nam 2200000 4500 =001 INLIS000000000025386 =005 20130612123912 =008 ***********************************Ind** =035 ##$$0010-061300000025386 =041 ##$$a Ind =082 ##$$a 2X5.1 =090 ##$$a 2X5.1, Rah k =100 ##$$a Rahmi, Martina =245 ##$$a Akhwat modis, Agar engkau lebih cantik, Martina Rahmi =260 ##$$a 2006 $b Jakarta =300 ##$$a 133 hlm, 18 cm =650 ##$$a Akhlaq wanita muslim =850 ##$$a NBPNMAT